| 000 | 00606nam a2200181 i 4500 | ||
|---|---|---|---|
| 001 | 58568 | ||
| 003 | ES-MaACL | ||
| 007 | t| | ||
| 008 | 031023s1972 sp ||||1| spa d | ||
| 100 | 1 |
_aDurliat, Marcel. _946304 |
|
| 245 | 1 | 3 |
_aEl arte románico en España / _cMarcel Durliat ; fotografías de Jean Dieuzaide (Yan) ; [traducción de Mª Dolores Raich Ullán]. |
| 250 | _a[2ª ed.]. | ||
| 260 |
_aBarcelona : _bJuventud, _c[1972] |
||
| 300 |
_a94 p., 248 lám. ; _c31 cm. |
||
| 700 | 1 |
_aDieuzaide, Jean. _944638 |
|
| 700 | 1 |
_aRaich Ullán, María Dolores. _995020 |
|
| 852 |
_aES-MaACL _jE-8783 _bR.93127 |
||
| 999 |
_c58568 _d58568 |
||